000 00873nam a2200253Ia 4500
003 GCL
008 140319s9999 xx 000 0 ara d
040 _aGCL /
_cGCL
082 0 4 _a539.752
_bم ا
100 1 _aصلاح الدين كمال
245 1 0 _aالاشعاع الذرى :
_bدليل وطرق الوقاية /
_cصلاح الدين كمال
700 1 _aمحمد جمعه
250 _aالثانية
260 _aبيروت :
_bدار الرتب الجامعية ،
_c1989
300 _a138 ص ؛
_c24 سم
490 _aالهيئة العامة للاستعلامات
_v0
650 0 4 _aالاشعاع
650 0 4 _aالفيزياء النووية
650 0 4 _aالطاقة الاشعاعية
650 0 4 _aالاشعاع الذرى
650 0 4 _aالاشعاع الذرى - تسرب
650 0 4 _aالاشعاع، طاقة
942 _2ddc
_cBK
999 _c48063
_d48063